L'armature / (Record no. 155403)
[ view plain ]
| 000 -LEADER | |
|---|---|
| campo de control de longitud fija | 00672nam a22001935i 4500 |
| 001 - NÚMERO DE CONTROL | |
| campo de control | 155403 |
| 003 - IDENTIFICADOR DE NÚMERO DE CONTROL | |
| campo de control | ES-MaACL |
| 005 - FECHA Y HORA DE LA ÚLTIMA TRANSACCIÓN | |
| campo de control | 20230906210048.0 |
| 008 - DATOS DE LONGITUD FIJA--INFORMACIÓN GENERAL | |
| campo de control de longitud fija | 040726q18951910fr |||| | fre d |
| 040 ## - FUENTE DE CATALOGACIÓN | |
| Centro catalogador/agencia de origen | CAM |
| Lengua de catalogación | spa |
| Centro/agencia transcriptor | CAM |
| 100 1# - ENTRADA PRINCIPAL--NOMBRE DE PERSONA | |
| Nombre de persona | Hervieu, Paul. |
| 9 (RLIN) | 63430 |
| 245 12 - MENCIÓN DEL TÍTULO | |
| Título | L'armature / |
| Mención de responsabilidad, etc. | Paul Hervieu. |
| 250 ## - MENCION DE EDICION | |
| Mención de edición | [33e éd.]. |
| 260 ## - PUBLICACIÓN, DISTRIBUCIÓN, ETC. | |
| Lugar de publicación, distribución, etc. | Paris : |
| Nombre del editor, distribuidor, etc. | Alphonse Lemerre éditeur, |
| Fecha de publicación, distribución, etc. | [s.a.] ( |
| Fabricante | Imprimerie A. Lemerre) |
| 300 ## - DESCRIPCIÓN FÍSICA | |
| Extensión | II, 324 p. ; |
| Dimensiones | 18 cm. |
| 595 ## - | |
| -- | La mención de ed. tomada de la cub. original. |
| 596 ## - NOTA AL PIE DE IMPRENTA | |
| NOTA AL PIE DE IMPRENTA | Probablemente impreso a finales del siglo XIX o comienzos del XX. |
| 852 ## - LOCALIZACIÓN | |
| Ubicación | ES-MaACL |
| Número de control de estantería | G-15843 |
| Nota libre | -- Enc. hol. conservando la cub. origninal |
| Estatus retirado | Estado de pérdida | Estado de daño | No para préstamo | Biblioteca de origen | Biblioteca actual | Ubicación en estantería | Fecha de adquisición | Fuente de adquisición | Total de préstamos | Signatura topográfica completa | Código de barras | Visto por última vez | Precio de reemplazo | Tipo de ítem Koha |
|---|---|---|---|---|---|---|---|---|---|---|---|---|---|---|
| Biblioteca del Ateneo de Madrid | Biblioteca del Ateneo de Madrid | Sala Pecera Planta 3 | 17/01/2008 | G-15843 | 1162556 | 23/02/2023 | 23/02/2023 | Libro impreso |
